000 01725nam a2200265 i 4500
001 184075
003 ES-MaACL
005 20251103192823.0
008 150304s1933 fr |||| | fre d
245 0 0 _aPatrologia orientalis.
_nTomus vicesimus quartus /
_c[édité par] R. Graffin.
260 _aParis :
_bFirmin-Didot et cie, éditeurs,
_c1933.
300 _a801 p. ;
_c28 cm.
505 8 _aContiene: The old georgian version of the Gospel of Matthew : from the Adysh Gospels with the variants of the Opiza and Tbet? Gospels / edited with a latin translation by Robert P. Blake,.... - 1933 ; Fasc. 1 Le lectionnaire de la Semaine Sainte. [I] / texte copte édité avec traduction française d'après le manuscrit Add. 5997 du British Museum par O. H. E. Burmester,.... - 1933 ; Fasc. 2 Le Candélabre des Sanctuaires de Grégoire Abou'lfaradj dit Barhebræus (suite) / édité et traduit en français par Ján Bakoš. - 1933 ; Fasc. 3 Voyage du Patriarche Macaire d'Antioche (Suite) / texte arabe et traduction française par Basile Radu,.... - 1933 ; Fasc. 4 Euchologium Sinaiticum / texte slave avec sources grecques et traduction française par Jean Frcek,.... - 1933 ; Fasc. 5
650 _aPatrística.
_915895
650 0 7 _aLiteratura cristiana primitiva
_2embne
_914529
700 1 _aBarhebraeus, Gregorius Abu al-Farag,
_d1226-1286
_9156477
700 0 _aBrière, Maurice.
_931705
700 1 _aBlake, Robert Pierpont,
_c1886-1950
_9156473
700 1 _aKhs-Burmester, Oswald Hugh Ewart.
_9156478
700 1 _aRadu, Basile.
_9156479
700 1 _aFrcek, Jan (
_d1896-1942)
_9156480
700 1 _aGraffin, René,
_d1858-1941
_9156163
852 _aES-MaACL
_jG-709 bis
999 _c184075
_d184075